000 00205nam a2200109Ia 4500
100 _aSINHA/M.R.
942 _cBK
245 _aMEETING THE IMPOSSIBLE.
260 _b#N/A
546 _aENGLISH
999 _c32406
_d32406